000
00319nam a22001457a 4500
003
SGT
020
_a
9789391211127
082
_a
347.05
_b
JOS
100
_a
JOSEPH, KURIAN
245
_a
MULLA THE CODE OF CIVIL PROCEDURE
250
_a
20
260
_a
GURGAON
_b
LEXIS NEXIS
_c
2022
300
_a
4712
942
_2
ddc
_c
BK
999
_c
23014
_d
23014